La planète Mars en images - Statistiques

Statistiques générales
  • Ce quiz a été pris 132 fois
  • Le résultat moyen est 5 sur 12
Statistiques - réponses
Par images Hint Réponse % Correct
Surnom de cette planète La planète {rouge}
99%
Programme NASA
93%
Ce qu'on recherche L'eau
83%
Film Seul sur Mars
73%
Dieu Grec Arès
61%
Plus haut sommet du système solaire Olympus Mons
44%
Engin Curiosity
25%
Attraction Toulousaine La Cité de l'espace
18%
Satellites naturels / nom d'une saga Phobos
17%
Satellites naturels Déimos
15%
Engin Perseverance
9%
Canyon Valles Marineris
2%
Aucun quiz correspondant
Distribution des résultats
% des personnes avec chaque résultat
Percentile par nombre de réponses
Votre historique - résultats
Vous n’avez pas pris ce quiz